Shamaʻ / (Record no. 60942)
[ view plain ]
| 000 -LEADER | |
|---|---|
| fixed length control field | 00555cam a2200205 a 4500 |
| 001 - CONTROL NUMBER | |
| control field | sa 64008627 |
| 003 - CONTROL NUMBER IDENTIFIER | |
| control field | DLC |
| 005 - DATE AND TIME OF LATEST TRANSACTION | |
| control field | 20260227112055.0 |
| 008 - FIXED-LENGTH DATA ELEMENTS--GENERAL INFORMATION | |
| fixed length control field | 840808r19561940pk 000 f urdo |
| 010 ## - LIBRARY OF CONGRESS CONTROL NUMBER | |
| LC control number | sa 64008627 |
| 040 ## - CATALOGING SOURCE | |
| Original cataloging agency | DLC |
| Transcribing agency | DLC |
| 050 00 - LIBRARY OF CONGRESS CALL NUMBER | |
| Classification number | PK2199.A285 |
| Item number | S43 1956 |
| 100 0# - MAIN ENTRY--PERSONAL NAME | |
| Personal name | Ae. Ār. K̲h̲ātūn, |
| Dates associated with a name | 1900-1965. |
| 245 10 - TITLE STATEMENT | |
| Title | Shamaʻ / |
| Statement of responsibility, etc. | Ae. Ār. K̲h̲ātūn. |
| 260 ## - PUBLICATION, DISTRIBUTION, ETC. | |
| Place of publication, distribution, etc. | Lāhaur : |
| Name of publisher, distributor, etc. | Goshah-yi Adab, |
| Date of publication, distribution, etc. | 1956. |
| 300 ## - PHYSICAL DESCRIPTION | |
| Extent | 544 p. ; |
| Dimensions | 18 cm. |
| 500 ## - GENERAL NOTE | |
| General note | Novel. |
| 546 ## - LANGUAGE NOTE | |
| Language note | In Urdu. |
| 500 ## - GENERAL NOTE | |
| General note | Reprint. Originally published: 1940. |
No items available.